000 00306nam a2200133 i 4500
001 bg
100 1 _aMĘCLEWSKI, Edmund
245 0 _aSpadkobiercy Rzeszy /
_cEdmund Męclewski.
260 _aWarszawa,
_c1978.
040 _cBPK
041 _apol
942 _cKS
008 s pl f |000 0 pol
999 _c9593
_d9593
856 _uhttp://koha.tu.koszalin.pl/cgi-bin/koha/opac-detail.pl?biblionumber=9593
_yKatalog online BPK